000 00575 a2200169 4500
999 _c7556
_d7556
010 _aENG-88079
020 _a8189877038
_c200.00
035 _aEN-71612
037 _bDBAD / PUB
082 1 4 _a613.0433
100 1 _aHulle, Suzanne Van
245 1 _aLiving a healthy lifestyle starts today ! :
_ba guide for adolescents /
_cby Suzanne Van Hulle
260 _aNew Delhi
_bVoluntary Health Association of india
_c2006
270 _aB-40, Qutab Institutional Area
_bNew Delhi
_e110 016
300 _a104 p.
_c26 cm (Pbk)
942 _adpl
_cEN
_2ddc
_h613.0433
_mHUL